| 000 | 00413 a2200121 4500 | ||
|---|---|---|---|
| 020 | _a0131112023 | ||
| 082 | _a620.00151 MOA | ||
| 100 | _aMoaveni, Saeed | ||
| 245 |
_aFinite Element Analysis Theory and Application with ANSYS _cSaeed Moaveni |
||
| 250 | _a2nd ed. | ||
| 260 |
_aNew Jersey : _bPearson Education, _c2003 |
||
| 300 |
_axiii, 822p. : _bill . ; _c28 cm |
||
| 650 | _aFinite Element Analysis -- Data Processing -- ANSYS(computer System) | ||
| 999 |
_c743 _d743 |
||